<?xml version="1.0" encoding="UTF-8"?>
<record
    xmlns:xsi="http://www.w3.org/2001/XMLSchema-instance"
    xsi:schemaLocation="http://www.loc.gov/MARC21/slim http://www.loc.gov/standards/marcxml/schema/MARC21slim.xsd"
    xmlns="http://www.loc.gov/MARC21/slim">

  <leader>00212nam a22000857a 4500</leader>
  <controlfield tag="001">1258292</controlfield>
  <controlfield tag="005">20260305123642.0</controlfield>
  <datafield tag="245" ind1=" " ind2=" ">
    <subfield code="a">OSMANLI TAR&#x130;H&#x130; -&#x130;&#x11E;NEL&#x130; TAHTIN SULTANLARI-</subfield>
    <subfield code="c">MEHMET I&#x15E;IK</subfield>
  </datafield>
  <datafield tag="260" ind1=" " ind2=" ">
    <subfield code="b">YED&#x130;VEREN</subfield>
  </datafield>
  <datafield tag="999" ind1=" " ind2=" ">
    <subfield code="c">1258292</subfield>
    <subfield code="d">1258292</subfield>
  </datafield>
  <datafield tag="952" ind1=" " ind2=" ">
    <subfield code="0">0</subfield>
    <subfield code="1">0</subfield>
    <subfield code="2">ddc</subfield>
    <subfield code="4">0</subfield>
    <subfield code="7">0</subfield>
    <subfield code="a">1071</subfield>
    <subfield code="b">1071</subfield>
    <subfield code="d">2026-03-05</subfield>
    <subfield code="l">0</subfield>
    <subfield code="o">I1</subfield>
    <subfield code="p">10716268</subfield>
    <subfield code="r">2026-03-05 12:36:58</subfield>
    <subfield code="w">2026-03-05</subfield>
    <subfield code="y">BK</subfield>
  </datafield>
  <datafield tag="952" ind1=" " ind2=" ">
    <subfield code="0">0</subfield>
    <subfield code="1">0</subfield>
    <subfield code="2">ddc</subfield>
    <subfield code="4">0</subfield>
    <subfield code="7">0</subfield>
    <subfield code="a">1071</subfield>
    <subfield code="b">1071</subfield>
    <subfield code="d">2026-03-05</subfield>
    <subfield code="l">1</subfield>
    <subfield code="o">I1</subfield>
    <subfield code="p">10716269</subfield>
    <subfield code="q">2026-03-20</subfield>
    <subfield code="r">2026-03-05 12:37:48</subfield>
    <subfield code="s">2026-03-05</subfield>
    <subfield code="w">2026-03-05</subfield>
    <subfield code="y">BK</subfield>
  </datafield>
</record>
